Statistics for Top Five Apps By Category

Click here to take the quiz!

General Stats

  • This quiz has been taken 17 times
    (9 since last reset)
  • The average score is 12 of 130

Answer Stats

CategoryApp% Correct
ShoppingAmazon Shopping
88%
Social NetworkingFacebook
63%
UtilitiesGoogle
63%
NavigationGoogle Maps
63%
Photo & VideoInstagram
63%
MusicSpotify
63%
BooksAmazon Kindle
50%
NewsTwitter
50%
Photo & VideoYouTube
50%
Photo & VideoSnapchat
38%
BooksAudible
25%
Graphics & DesignCanva
25%
SportsESPN
25%
SportsESPN Fantasy Sports
25%
EntertainmentHulu
25%
Food & DrinkMcDonald's
25%
Social NetworkingMessenger
25%
EntertainmentNetflix
25%
LifestylePinterest
25%
EntertainmentTikTok
25%
ShoppingWalmart
25%
Social NetworkingWhatsApp Messenger
25%
LifestyleAmazon Alexa
13%
FinanceCash App
13%
ProductivityGmail
13%
MedicalGoodRx
13%
UtilitiesGoogle Chrome
13%
EducationGoogle Classroom
13%
ProductivityGoogle Docs
13%
ProductivityGoogle Drive
13%
TravelGoogle Earth
13%
Photo & VideoGoogle Photos
13%
MusicMusi
13%
Health & FitnessMyFitnessPal
13%
MusicPandora
13%
EducationPhotomath
13%
ShoppingShop
13%
Magazines & NewspapersThe New York Times
13%
LifestyleTinder
13%
FinanceVenmo
13%
NavigationWaze
13%
MusicYouTube Music
13%
BusinessZOOM
13%
WeatherAccuWeather
0%
Shoppingadidas CONFIRMED
0%
Graphics & DesignAdobe Spark
0%
TravelAirbnb
0%
GamesAmong Us!
0%
NewsAOL
0%
Developer ToolsApple Developer
0%
Graphics & DesignBazaart
0%
ReferenceBible
0%
ReferenceBible KJV
0%
UtilitiesBitmoji
0%
GamesBrain Wash!
0%
Food & DrinkBURGER KING
0%
Health & FitnessCalm
0%
EducationCanvas Student
0%
BusinessCisco
0%
GamesColor Roll 3D
0%
ReferenceCrazy Voice Changer
0%
Graphics & DesignCricut Design Space
0%
Social NetworkingDiscord
0%
Food & DrinkDoorDash
0%
GamesDrive Thru 3D
0%
KidsEpic
0%
Health & FitnessFitness Coach
0%
EducationFlipgrid.
0%
Health & FitnessFlo My Health
0%
MedicalFollowMyHealth
0%
UtilitiesFønts
0%
Developer ToolsGitHub
0%
BusinessGoogle Meet
0%
ProductivityGoogle Slides
0%
ReferenceGoogle Translate
0%
Social NetworkingGroupMe
0%
Food & DrinkGrubhub
0%
Medicalhealow
0%
BusinessIndeed
0%
BooksLibby
0%
GamesLog Thrower
0%
TravelLyft
0%
KidsMessenger Kids
0%
UtilitiesMicrosoft Edge
0%
ProductivityMicrosoft Outlook
0%
BusinessMicrosoft Teams
0%
MedicalMyChart
0%
WeatherMyRadar
0%
SportsNBA
0%
NewsNews Break
0%
NewsNextdoor
0%
SportsNFL Fantasy Football
0%
Health & FitnessNike Run Club
0%
WeatherNOAA Weather Radar Live
0%
ShoppingOfferUp
0%
Referenceonlyfan
0%
NavigationonX Hunt
0%
NavigationParkMobile
0%
FinancePayPal
0%
Developer ToolsPineapple
0%
Graphics & DesignPixaloop
0%
BooksReadict
0%
NewsReddit
0%
EntertainmentREFACE
0%
EducationRemind
0%
FinanceRobinhood
0%
EntertainmentRoku
0%
Developer ToolsScriptable
0%
Magazines & NewspapersShow Box
0%
MusicSoundCloud
0%
Magazines & NewspapersSpeechify
0%
Developer ToolsTermius
0%
Magazines & NewspapersThe Wall Street Journal
0%
LifestyleT-Mobile Tuesdays
0%
KidsToca Hair Salon 4
0%
KidsToca Life World
0%
NavigationTransit
0%
Photo & VideoTwitch
0%
TravelUber
0%
Food & DrinkUber Eats
0%
TravelVrbo Vacation Rentals
0%
BooksWattpad
0%
WeatherWeather
0%
WeatherWeatherBug
0%
Magazines & NewspapersWebComics
0%
MedicalWeedmaps
0%
SportsYahoo Fantasy Football
0%
KidsYouTube Kids
0%
FinanceZelle
0%
LifestyleZillow
0%

Score Distribution

Percentile by Number Answered

Percent of People with Each Score

Your Score History

You have not taken this quiz since the last reset